00450nam a22001457a 450000500170000000800410001702000240005804000130008208200200009510000250011524501080014025000120024826000330026030000110029320260303093347.0260303b |||||||| |||| 00| 0 eng d a9788131238899 (pbk) cPK-LaUMT a617.6342bTOR-E aTorabinejad, Mahmoud aEndodontics :bprinciples and practice /cby Mahmood Torabinejad, Richard E. Walton and Ashraf F. Fouad a5th ed. aNew Delhi :bElsevier,c2015 a482 p.